Protestantes, liberales y francmasones. Sociedades de ideas y modernidad en América Latina, siglo XIX.
Uloženo v:
| Hlavní autor: | |
|---|---|
| Médium: | Kniha |
| Jazyk: | španělština |
| Vydáno: |
México D.F., México:
Fondo de Cultura Económica; Comisión de Estudios de la Historia de la Iglesia en América Latina (CEHILA),
1990.
|
| Vydání: | Primera edición. |
| Edice: | Sección de Obras de Historia.
|
| Témata: | |
| Tagy: |
Přidat tag
Žádné tagy, Buďte první, kdo vytvoří štítek k tomuto záznamu!
|
MARC
| LEADER | 00000nam a2200000 a 4500 | ||
|---|---|---|---|
| 001 | UCM9282 | ||
| 003 | CL-VaPUC | ||
| 005 | 20250103100357.0 | ||
| 008 | 030417e19900000MX |||||||||||||||||spa|d | ||
| 999 | |c 303604 |d 303602 | ||
| 020 | |a 968-16-3550-7 | ||
| 040 | |c Pontificia Universidad Católica de Valparaíso | ||
| 082 | 0 | 4 | |a 270.7 BAS 1990 |2 21 |
| 100 | |a Bastian, Jean-Pierre |e compilador |9 884286 | ||
| 245 | 1 | 0 | |a Protestantes, liberales y francmasones. |b Sociedades de ideas y modernidad en América Latina, siglo XIX. |
| 250 | |a Primera edición. | ||
| 260 | |a México D.F., México: |b Fondo de Cultura Económica; |b Comisión de Estudios de la Historia de la Iglesia en América Latina (CEHILA), |c 1990. | ||
| 300 | |a 178 páginas. | ||
| 490 | 0 | |a Sección de Obras de Historia. | |
| 500 | |a c.2 Donación Sr. Jorge Precht Pizarro. 26-05-23. Biblioteca Teología. | ||
| 583 | |a last modification |c 20030417 00:00:00 |k Rodrigo Vera | ||
| 650 | 0 | |a Iglesia Católica |x Francmasonería |v Historia |y Siglo 19 |9 256114 | |
| 650 | 0 | |a Órdenes religiosas |y Siglo 19 |z América Latina |9 257499 | |
| 650 | 0 | |a Protestantismo |9 317293 |y Siglo 19 |z América Latina | |
| 650 | 0 | |a Liberalismo |9 255715 |y Siglo 19 |z América Latina | |
| 942 | |c BK |2 ddc | ||
| 945 | |d 20030417 00:00:00 |a cmena | ||
| 952 | |0 0 |1 0 |4 0 |6 270_700000000000000_BAS_1990 |7 0 |8 DER_HDC |9 365065 |a BIBDER |b BIBDER |d 2019-11-21 |i 3897672 |o 270.7 BAS 1990 |p 3897672 |r 2023-01-25 |w 2019-11-21 |x Ubicación 4to Piso |y BK |z Estos recursos deben solicitarse con anticipación |k DER | ||
| 952 | |0 0 |1 0 |2 ddc |4 0 |6 270_700000000000000_BAS_1990 |7 0 |8 A |9 591302 |a BIBTEO |b BIBTEO |c GEN |d 2023-08-22 |e Donación |i 5658447 |l 1 |o 270.7 BAS 1990 |p 5658447 |r 2025-01-17 |s 2024-06-28 |t 2 |w 2023-08-22 |y BK |k ICR | ||